000 00957nam a2200241 a 4500
001 54466
003 BD-RjUL
005 20211209080127.0
008 161107s1987 bg ||||| |||| 00| 0 ben d
020 _c: TK 10.00
035 _a(BD-RjUL)54588
040 _aBD-RjUL
_bben
_cBD-RjUL
041 _aben
082 _223
_a954.9205
_bMUK 1987
245 0 0 _aমুক্তিযুদ্ধে শহীদ :
_bরাজশাহী বিশ্ববিদ্যালয় /
260 _aরাজশাহী :
_bশহীদ স্মৃতিতি সংগ্রহশালা, রাজশাহী বিশ্ববিদ্যালয়,
_c১৯৮৭
300 _a৩১ পৃ. ;
_c২১ সেমি.
490 _aশসস ;
_v
650 _aমুক্তিযুদ্ধ
_zবাংলাদেশ
_9162507
650 _aLiberation War
_zBangladesh
_9162508
830 _aশসস ;
_v
_9247577
942 _2ddc
_cBK
999 _c54466
_d54466